<?xml version="1.0" encoding="UTF-8"?>
<record
    xmlns:xsi="http://www.w3.org/2001/XMLSchema-instance"
    xsi:schemaLocation="http://www.loc.gov/MARC21/slim http://www.loc.gov/standards/marcxml/schema/MARC21slim.xsd"
    xmlns="http://www.loc.gov/MARC21/slim">

  <leader>00941nam a22002297a 4500</leader>
  <controlfield tag="005">20250520164027.0</controlfield>
  <controlfield tag="008">250520b        |||||||| |||| 00| 0 eng d</controlfield>
  <datafield tag="020" ind1=" " ind2=" ">
    <subfield code="a">978-81-267-2028-6 (hbk)</subfield>
  </datafield>
  <datafield tag="037" ind1=" " ind2=" ">
    <subfield code="c">TB</subfield>
  </datafield>
  <datafield tag="040" ind1=" " ind2=" ">
    <subfield code="a">BL</subfield>
    <subfield code="c">BL</subfield>
  </datafield>
  <datafield tag="041" ind1=" " ind2=" ">
    <subfield code="2">hin </subfield>
    <subfield code="a">hin </subfield>
  </datafield>
  <datafield tag="084" ind1=" " ind2=" ">
    <subfield code="a">NW44 152Q5;R2</subfield>
    <subfield code="q">BL</subfield>
  </datafield>
  <datafield tag="100" ind1=" " ind2=" ">
    <subfield code="a">&#x935;&#x91C;&#x93E;&#x939;&#x924;, &#x905;&#x938;&#x917;&#x930;  </subfield>
  </datafield>
  <datafield tag="245" ind1=" " ind2=" ">
    <subfield code="a">&#x935;&#x94D;&#x92F;&#x935;&#x939;&#x93E;&#x930;&#x93F;&#x915; &#x928;&#x93F;&#x930;&#x94D;&#x926;&#x947;&#x936;&#x93F;&#x915;&#x93E; &#x92A;&#x91F;&#x915;&#x925;&#x93E; &#x932;&#x947;&#x916;&#x928; </subfield>
  </datafield>
  <datafield tag="250" ind1=" " ind2=" ">
    <subfield code="a">&#x938;&#x902;&#x938;&#x94D;&#x915;&#x930;&#x923; 4</subfield>
  </datafield>
  <datafield tag="260" ind1=" " ind2=" ">
    <subfield code="a">&#x928;&#x92F;&#x940; &#x926;&#x93F;&#x932;&#x94D;&#x932;&#x940;, &#x92D;&#x93E;&#x930;&#x924;:</subfield>
    <subfield code="b">&#x930;&#x93E;&#x91C;&#x915;&#x92E;&#x932; &#x92A;&#x94D;&#x930;&#x915;&#x93E;&#x936;&#x928;, </subfield>
    <subfield code="c">2022. </subfield>
  </datafield>
  <datafield tag="300" ind1=" " ind2=" ">
    <subfield code="a">134&#x92A;&#x943;. </subfield>
  </datafield>
  <datafield tag="365" ind1=" " ind2=" ">
    <subfield code="b">396.00</subfield>
    <subfield code="c">INR </subfield>
  </datafield>
  <datafield tag="650" ind1=" " ind2=" ">
    <subfield code="2">&#x932;&#x932;&#x93F;&#x924; &#x915;&#x932;&#x93E; </subfield>
  </datafield>
  <datafield tag="942" ind1=" " ind2=" ">
    <subfield code="2">CC</subfield>
    <subfield code="c">TB</subfield>
    <subfield code="h">NW44 152Q5;R2</subfield>
    <subfield code="n">0</subfield>
  </datafield>
  <datafield tag="999" ind1=" " ind2=" ">
    <subfield code="c">1428918</subfield>
    <subfield code="d">1428918</subfield>
  </datafield>
  <datafield tag="952" ind1=" " ind2=" ">
    <subfield code="0">0</subfield>
    <subfield code="1">0</subfield>
    <subfield code="2">CC</subfield>
    <subfield code="4">0</subfield>
    <subfield code="7">0</subfield>
    <subfield code="a">BRLL</subfield>
    <subfield code="b">BRLL</subfield>
    <subfield code="d">2025-05-20</subfield>
    <subfield code="e">&#x908;&#x938;&#x94D;&#x91F;&#x930;&#x94D;&#x928; &#x92C;&#x941;&#x915; &#x932;&#x93F;&#x902;&#x915;&#x930;&#x94D;&#x938; </subfield>
    <subfield code="g">396.00</subfield>
    <subfield code="i">102 &amp; 2024-12-13</subfield>
    <subfield code="l">0</subfield>
    <subfield code="o">NW44 152Q5;R2</subfield>
    <subfield code="p">BL0001211</subfield>
    <subfield code="r">2025-05-20 16:41:19</subfield>
    <subfield code="w">2025-05-20</subfield>
    <subfield code="y">TB</subfield>
  </datafield>
</record>
